Bibliografía económica del porfiriato : (Record no. 5627)

MARC details
000 -CABECERA
campo de control de longitud fija 00700nam a2200217 a 4500
005 - FECHA Y HORA DE LA ÚLTIMA TRANSACCIÓN
campo de control 20210223120707.0
008 - ELEMENTOS DE LONGITUD FIJA--INFORMACIÓN GENERAL
campo de control de longitud fija 991125 1988 mx 000 0 spa u
020 ## - NÚMERO INTERNACIONAL NORMALIZADO PARA LIBROS
Número Internacional Estándar del Libro 9688133388
035 ## - NÚMERO DE CONTROL DEL SISTEMA
Número de control de sistema UPN01000005627
049 ## - COLECCIÓN
Colección CG
050 #4 - SIGNATURA TOPOGRÁFICA DE LA BIBLIOTECA DEL CONGRESO
Número de clasificación HD6951
Número de documento/Ítem C82 no.23
100 1# - ASIENTO PRINCIPAL--NOMBRE PERSONAL
Nombre de persona Barrientos Lavín, Margarita Rosa
245 10 - MENCIÓN DE TÍTULO
Título Bibliografía económica del porfiriato :
Resto del título 1877-1910 /
Mención de responsabilidad, etc. Margarita Rosa Barrientos Lavín.
260 ## - PUBLICACIÓN, DISTRIBUCIÓN, ETC.
Lugar de publicación, distribución, etc. México :
Nombre del editor, distribuidor, etc. STPS,
Fecha de publicación, distribución, etc. 1988.
300 ## - DESCRIPCIÓN FÍSICA
Extensión 338 p. :
Otras características físicas il.
440 #0 - MENCIÓN DE SERIE/ASIENTO SECUNDARIO--TÍTULO
Título Cuadernos obreros ;
Designación de volumen o secuencia 23
650 #4 - ASIENTO SECUNDARIO DE MATERIA - TERMINO TEMATICO
Término de materia o nombre geográfico como elemento de entrada TRABAJO Y TRABAJADORES -
Subdivisión general ASPECTOS SOCIALES
650 #4 - ASIENTO SECUNDARIO DE MATERIA - TERMINO TEMATICO
Término de materia o nombre geográfico como elemento de entrada ECONOMIA -
Subdivisión de forma BIBLIOGRAFIA -
Subdivisión geográfica MEXICO
9 (RLIN) 11544
651 #4 - ASIENTO SECUNDARIO DE MATERIA - NOMBRE GEOGRAFICO
Nombre geográfico MEXICO -
Subdivisión general HISTORIA -
Subdivisión cronológica 1877-1910
905 ## - TIPO DE MATERIAL
Tipo de material Libro
Holdings
Estado de retiro Estado de pérdida Fuente del sistema de clasificación o colocación Estado dañado No para préstamo Código de colección Localización permanente Ubicación/localización actual Ubicación en estantería Fecha de adquisición Total de préstamos Clasificación Código de barras Fecha visto por última vez Fecha del último préstamo Número de copia Tipo de ítem Koha
    Library of Congress Classification     Colección General Bib. Gregorio Torres Quintero Bib. Gregorio Torres Quintero Planta baja 13/09/2022 24 HD6951 C82 no.23 127935 24/10/2023 21/10/2023 1 Libro
    Library of Congress Classification     Colección General Bib. Gregorio Torres Quintero Bib. Gregorio Torres Quintero Planta baja 19/10/2022 22 HD6951 C82 no.23 119904 25/10/2022 19/10/2022 1 Libro